000 00488nam a22001337a 4500
008 110216t xxu||||| |||| 00| 0 eng d
020 _a085111492
100 _aHoneysett,Marcus
245 _aMeltdown:
_bmaking sense of a culture in crisis.
_cForeword by D.A Carson
260 _aUSA
_bInter-Varsity press
_c2002
300 _a223 p.
_c20 cm.
942 _2lcc
_cBK
999 _c37938
_d37938